| 000 | 00929 a2200217 4500 | ||
|---|---|---|---|
| 001 | 34508 | ||
| 005 | 20260407155632.0 | ||
| 008 | 260407a1997 arg spa d | ||
| 003 | AR-UNSa-BCEJYS | ||
| 040 |
_aAR-UNSa-BCEJYS _bspa _cAR-UNSa-BCEJYS |
||
| 080 |
_a658.013 _xCuestiones psicológicas (Psicología de la organización) |
||
| 245 | 1 | 0 |
_aPsicología social de las organizaciones _pnuevos aportes |
| 020 | _a950-12-3245-X | ||
| 264 | 1 |
_aBuenos Aires : _bPaidós _c1997 |
|
| 300 |
_a273 p. _c22 cm. |
||
| 505 | _a1. Psicología social de las organizaciones - 2. La organización convocante - 3. Semiótica de las organizaciones - 4. Relaciones entre lo manifiesto y lo latente - 5. El espacio organizacional. | ||
| 942 | _cBK | ||
| 590 | _aniveau_biblio:m niveau_hierar:0 | ||
| 100 | 1 | _aSchvarstein, Leonardo | |
| 856 | 4 | 1 |
_uhttps://biblioeco.unsa.edu.ar/pmb/images/libros/psicologiaSocial.jpg _yImagen de portada _qimage/jpeg |
| 999 |
_c2458 _d2458 |
||